Liturgia popular / A. Griera
Publicado:
San Cugat del Vallés :
Instituto Internacional de Cultura Románica de la Excma. Diputación Provincial de Barcelona ,
1967
Descripción Física:
107 p. ; 26 cm
Colección:
Biblioteca filológica histórica ; 20
MARC
| LEADER | 00000nam a2200000Ia 4500 | ||
|---|---|---|---|
| 001 | 2052 | ||
| 008 | 160829s1967 xx 000 0 cat d | ||
| 080 | |a M-2-63 | ||
| 100 | 1 | |a Griera, A. |q (Antoni), |d 1887-1973 |9 36434 | |
| 245 | |a Liturgia popular / A. Griera | ||
| 260 | |a San Cugat del Vallés : |b Instituto Internacional de Cultura Románica de la Excma. Diputación Provincial de Barcelona, |c 1967 | ||
| 300 | |a 107 p. ; |c 26 cm | ||
| 490 | |a Biblioteca filológica histórica ; 20 | ||
| 650 | |a Litúrgia |9 38831 | ||
| 650 | |a Ritus i cerimònies |9 32198 | ||
| 650 | |a Devocions populars |9 32199 | ||
| 710 | 1 | |a Barcelona (Catalunya : Província). |b Diputació |9 52408 | |
| 710 | 2 | |a Instituto Internacional de Cultura Románica |9 54313 | |
| 901 | |a Arxiu | ||
| 942 | |n 1 | ||
| 952 | |0 0 |1 0 |4 0 |6 M263 |7 1 |9 45902 |a Arxiu |b Arxiu |d 2016-12-01 |l 0 |o M-2-63 |p 2052 |r 2016-12-01 00:00:00 |w 2016-12-01 |y ARXIU | ||
| 999 | |c 49403 |d 49403 | ||